Druhé vydání Sociológie podniku

Bibliographic Details
Main Authors: Gregor, Miroslav 1931- (Author), Pichňa, J. A. (Author)
Format: Article
Language:Slovak
Czech
Subjects:

MARC

LEADER 00000nab a2200000 a 4500
001 vtls000167265
003 SK-MaSNL
005 20260305010709.0
008 250422c1983 xo 0 slo
015 |a SNBRB19rr/mm-uuuuu 
035 |a CL0177376 
035 |a urn:nbn:sk:snk-ab28kk 
035 |a (urnnbn)urn:nbn:sk:snk:ar-a01yap 
035 |a (uuid)9fef352c-433a-4aee-b2ec-2db92421b2bb 
040 |a SNKBUCL  |b slo  |c SNKBUCL  |e AACR2 
041 0 |a cze 
044 |a xo  |c SK 
080 |a 658.115  |2 1981 
080 |a 301.188.1  |2 1981 
080 |a 331  |2 1981 
100 1 |a Gregor, Miroslav  |d 1931-  |4 aut  |9 52532 
245 1 0 |a Druhé vydání Sociológie podniku  |c Miroslav Gregor ; J. A. Pichňa 
650 0 7 |a sociológia podniku  |2 snkbucl  |9 77786 
650 0 7 |a podniky  |2 snkbucl  |9 923 
650 0 7 |a sociológia práce  |2 snkbucl  |9 3971 
655 7 |a články z novín a časopisov  |2 snkbucl  |9 267496 
700 1 |a Pichňa, J. A.  |4 aut  |9 1333225 
773 0 |t Sociológia  |g Roč. 15, č. 3 (1983), s. 318-321 
787 0 8 |i Rec.:  |a Pichňa, J. A.  |t Sociológia podniku  |d Bratislava : Práca, 1982 
850 |a Slovenská národná knižnica 
852 |a Slovenská národná knižnica 
958 |a article27 
958 |a RK 
958 |a CZ 
958 |a OND 
958 |a EUIPO 
992 |a RBX 
999 |c 3248099  |d 3250029